<?xml version="1.0" encoding="UTF-8"?>
<record
    xmlns:xsi="http://www.w3.org/2001/XMLSchema-instance"
    xsi:schemaLocation="http://www.loc.gov/MARC21/slim http://www.loc.gov/standards/marcxml/schema/MARC21slim.xsd"
    xmlns="http://www.loc.gov/MARC21/slim">

  <leader>00243    a2200085   4500</leader>
  <datafield tag="020" ind1=" " ind2=" ">
    <subfield code="a">978938686827</subfield>
  </datafield>
  <datafield tag="100" ind1=" " ind2=" ">
    <subfield code="a">Tracy B.</subfield>
  </datafield>
  <datafield tag="245" ind1=" " ind2=" ">
    <subfield code="a">&#x935;&#x947;&#x933; &#x938;&#x93E;&#x902;&#x92D;&#x93E;&#x933;&#x93E; &#x906;&#x92F;&#x941;&#x937;&#x94D;&#x92F; &#x938;&#x93E;&#x935;&#x930;&#x947;&#x932; </subfield>
  </datafield>
  <datafield tag="260" ind1=" " ind2=" ">
    <subfield code="b">Jaico Publishing House</subfield>
    <subfield code="c">2018</subfield>
  </datafield>
  <datafield tag="999" ind1=" " ind2=" ">
    <subfield code="c">357243</subfield>
    <subfield code="d">357243</subfield>
  </datafield>
  <datafield tag="952" ind1=" " ind2=" ">
    <subfield code="0">0</subfield>
    <subfield code="1">0</subfield>
    <subfield code="2">ddc</subfield>
    <subfield code="4">0</subfield>
    <subfield code="7">0</subfield>
    <subfield code="a">CCEP</subfield>
    <subfield code="b">CCEP</subfield>
    <subfield code="d">2024-03-05</subfield>
    <subfield code="e">87</subfield>
    <subfield code="g">159.20</subfield>
    <subfield code="l">2</subfield>
    <subfield code="o">891.463 TRE</subfield>
    <subfield code="p">CCEP-BK-66701</subfield>
    <subfield code="r">2026-03-11 10:50:51</subfield>
    <subfield code="s">2024-09-03</subfield>
    <subfield code="v">199.00</subfield>
    <subfield code="w">2024-03-05</subfield>
    <subfield code="y">BK</subfield>
  </datafield>
</record>
